000 00762cam a2200217 4500
001 ABS61803
008 000000n1999 000 0 eng u
035 _a(Sirsi) u103674
100 _aRobotham, L.
245 _aLegal minefield
260 _c1999
490 _aPremises and Facilities Management
_vDecember 1999, 25-26(2)
520 _aConsiders two recent cases which concerned the meaning of occupation under the Landlord and Tenant Act 1954. Considers the implications for facilities managers of the differing interpretations.
590 _aABS
650 _aFACILITIES MANAGERS
650 _aLANDLORD AND TENANT ACT 1954
650 _aBUSINESS TENANCIES
650 _aLEASES
690 _aLANDLORD AND TENANT-BUSINESS TENANCIES
942 _n0
999 _c62251
_d62251